Atletika. Bežecké disciplíny Medzinárodné športové súťaže 1984

Bibliographic Details
Main Author: Glesk, Pavol, 1931-2008 (Author)
Format: Article
Language:Slovak
PhysicalDescription:Obr. 3. Tb. 4.
Subjects:

MARC

LEADER 00000nab a2200000 a 4500
001 vtls000204356
003 SK-MaSNL
005 20260302204119.0
008 160201c1984 xo 0 slo
015 |a SNBRB19rr/mm-uuuuu 
035 |a CL0214469 
040 |a SNKBUCL  |b slo  |c SNKBUCL  |e AACR2 
041 0 |a slo 
044 |a xo  |c SK 
080 |a 796.422.093.1  |2 1981 
100 1 |a Glesk, Pavol,  |d 1931-2008  |4 aut  |9 36966 
245 1 0 |a Atletika. Bežecké disciplíny  |b Medzinárodné športové súťaže 1984  |c Pavol Glesk 
300 |b Obr. 3. Tb. 4. 
650 0 7 |a atletika ľahká  |2 snkbucl  |9 899308 
655 7 |a články z novín a časopisov  |2 snkbucl  |9 267496 
773 0 |t Tréner  |g Roč. 28, č. 12 (1984), s. 534-539 
850 |a Slovenská národná knižnica v Martine  |a MTA001 
852 |a SNK  |b KIS3GCP 
958 |a RK 
958 |a CZ 
992 |a RBX 
999 |c 1471976  |d 1473906